MARC

Tag First Indicator Second Indicator Subfields
LEADER 00000cam a2200000Mi 4500
001 in00005636921
006 m o d
007 cr |n||||||||a
008 070518s2001 vau o 000 0 eng d
005 20250331202332.2
035 |a (OCoLC)ocn593439974 
040 |a ALSTP  |b eng  |e pn  |c ALSTP  |d UAB  |d OCLCQ  |d OCLCO  |d OCLCF  |d RRP  |d MUQ  |d OCLCO  |d OCLCQ  |d OCLCO  |d COO  |d OCLCO  |d OCLCQ  |d ORU  |d OCLCQ  |d UPM  |d WYU  |d TKN  |d OCLCO  |d OCL  |d OCLCO  |d OCLCL 
019 |a 183272680  |a 593439971 
035 |a (OCoLC)593439974  |z (OCoLC)183272680  |z (OCoLC)593439971 
041 0 |a eng  |h eng 
050 4 |a PS628.W6  |b S646 2001 
049 |a TXAM 
100 1 |a Spence, Eulalie,  |d 1894-1981,  |e author.  |1 https://id.oclc.org/worldcat/entity/E39PBJcWrd9cfhvHbkxd7brg8C 
245 1 0 |a Her /  |c by Spence Eulalie. 
250 |a [1st electronic ed.]. 
260 |a Alexandria, VA :  |b Alexander Street Press,  |c 2001. 
300 |a 1 online resource 
336 |a text  |b txt  |2 rdacontent 
337 |a computer  |b c  |2 rdamedia 
338 |a online resource  |b cr  |2 rdacarrier 
347 |a data file  |2 rda 
386 |a Women  |2 lcdgt 
386 |n nat  |a Americans  |2 lcdgt 
386 |n eth  |a African Americans  |2 lcdgt 
388 |a Twentieth century  |2 lcsh 
650 0 |a American drama  |x African American authors. 
650 0 |a American drama  |x Women authors. 
650 0 |a American drama. 
650 6 |a Théâtre américain  |x Auteurs noirs américains. 
650 6 |a Théâtre américain. 
650 7 |a American drama  |2 fast 
650 7 |a American drama  |x African American authors  |2 fast 
650 7 |a American drama  |x Women authors  |2 fast 
655 7 |a Electronic books.  |2 local 
655 0 |a American drama. 
655 7 |a Drama  |2 fast 
655 7 |a Drama.  |2 lcgft 
655 7 |a Théâtre.  |2 rvmgf 
710 2 |a Alexander Street (Firm) 
758 |i has work:  |a Her (Text)  |1 https://id.oclc.org/worldcat/entity/E39PCG6rD48yDRYqXPk4FPPKMP  |4 https://id.oclc.org/worldcat/ontology/hasWork 
830 0 |a Black drama, second ed. 
856 4 0 |u http://proxy.library.tamu.edu/login?url=https://www.aspresolver.com/aspresolver.asp?BLDR;PL001398  |z Connect to the full text of this electronic book  |t 0 
955 |a Alexander Street - Black Drama 3rd Edition 
994 |a 92  |b TXA 
999 f f |s 7a6808bd-0fd1-4fe3-ab17-54eac39306f4  |i ab770ae8-219f-4a72-ac4a-2ed2295534b9  |t 0 
952 f f |a Texas A&M University  |b College Station  |c Electronic Resources  |d Available Online  |t 0  |e PS628.W6 S646 2001  |h Library of Congress classification 
998 f f |a PS628.W6 S646 2001  |t 0  |l Available Online